| 000 | 01142nam a2200289 a 4500 | ||
|---|---|---|---|
| 001 | ebr10563572 | ||
| 003 | CaPaEBR | ||
| 006 | m u | ||
| 007 | cr cn||||||||| | ||
| 008 | 120607s2012 si ad sb 001 0 eng d | ||
| 020 | _z9814317454 | ||
| 020 | _z9789814317450 | ||
| 020 | _z9789814317467 (e-book) | ||
| 040 |
_aCaPaEBR _cCaPaEBR |
||
| 035 | _a(OCoLC)797852507 | ||
| 050 | 1 | 4 |
_aRM345 _b.K55 2012eb |
| 100 | 1 | _aKilleen, Matthew J. | |
| 245 | 1 | 0 |
_aCardiac drug safety _h[electronic resource] : _ba bench to bedside approach / _cMatthew J. Killeen. |
| 260 |
_aSingapore : _bWorld Scientific Pub. Co., _c2012. |
||
| 300 |
_axiii, 174 p. : _bill. (some col.) |
||
| 504 | _aIncludes bibliographical references and index. | ||
| 533 |
_aElectronic reproduction. _bPalo Alto, Calif. : _cebrary, _d2011. _nAvailable via World Wide Web. _nAccess may be limited to ebrary affiliated libraries. |
||
| 650 | 0 | _aCardiovascular agents. | |
| 655 | 7 |
_aElectronic books. _2local |
|
| 710 | 2 | _aebrary, Inc. | |
| 856 | 4 | 0 |
_uhttp://site.ebrary.com/lib/rucke/Doc?id=10563572 _zAn electronic book accessible through the World Wide Web; click to view |
| 999 |
_c95402 _d95402 |
||